[Event "DVM U16 2020"]
[Site "Willingen GER"]
[Date "2021.06.25"]
[Round "3"]
[White "von Rosen, Jakob"]
[Black "Breitzmann, Sander"]
[Result "0-1"]
[Termination "normal"]
[Board "5.2"]
[WhiteElo "1722"]
[BlackElo "1821"]
[WhiteClock "00:00:38"]
[BlackClock "00:07:47"]
[WhiteTeam "SchVgg Blankenese von 1923 e.V."]
[BlackTeam "SV Empor Berlin e.V."]
[PlyCount "74"]
[WhiteFideId "12982989"]
[BlackFideId "12987085"]
[EventCountry "GER"]
[EventRounds "7"]
[EventType "team-swiss"]
[EventDate "2021.06.23"]

1. e4 {[%clk 1:30:06]} 1... e5 {[%clk 1:30:56]} 2. Nf3 {[%clk 1:30:30]} 2...
Nc6 {[%clk 1:31:23]} 3. Bc4 {[%clk 1:30:45]} 3... Bc5 {[%clk 1:31:49]} 4. O-O {
[%clk 1:30:46]} 4... Nf6 {[%clk 1:32:13]} 5. d3 {[%clk 1:31:02]} 5... d6 {
[%clk 1:32:31]} 6. c3 {[%clk 1:31:01]} 6... a6 {[%clk 1:32:55]} 7. Bb3 { [%clk
1:30:12]} 7... Ba7 {[%clk 1:33:12]} 8. Nbd2 {[%clk 1:30:02]} 8... O-O { [%clk
1:33:23]} 9. Re1 {[%clk 1:26:53]} 9... Ng4 {[%clk 1:30:40]} 10. Re2 { [%clk
1:26:34]} 10... Kh8 {[%clk 1:24:23]} 11. h3 {[%clk 1:15:05]} 11... Nh6 { [%clk
1:24:34]} 12. Nf1 {[%clk 1:14:16]} 12... f5 {[%clk 1:23:24]} 13. Bxh6 { [%clk
0:58:51]} 13... gxh6 {[%clk 1:23:49]} 14. d4 {[%clk 0:58:27]} 14... Qf6 { [%clk
1:12:26]} 15. dxe5 {[%clk 0:46:10]} 15... dxe5 {[%clk 1:07:09]} 16. Bd5 { [%clk
0:33:10]} 16... Ne7 {[%clk 1:02:48]} 17. exf5 {[%clk 0:31:28]} 17... Rd8 {[%clk
1:01:55]} 18. Rxe5 {[%clk 0:27:32]} 18... c6 {[%clk 0:59:06]} 19. Ne3 { [%clk
0:24:35]} 19... Bxe3 {[%clk 0:35:30]} 20. fxe3 {[%clk 0:24:50]} 20... Rxd5
{[%clk 0:31:49]} 21. Rxd5 {[%clk 0:24:32]} 21... cxd5 {[%clk 0:32:18]} 22. g4
{[%clk 0:22:34]} 22... Bd7 {[%clk 0:31:09]} 23. Qb3 {[%clk 0:19:48]} 23... Bc6
{[%clk 0:29:42]} 24. Nd4 {[%clk 0:18:37]} 24... Qe5 {[%clk 0:28:17]} 25. Nxc6
{[%clk 0:15:24]} 25... Qxe3+ {[%clk 0:27:00]} 26. Kh2 {[%clk 0:14:51]} 26...
bxc6 {[%clk 0:24:32]} 27. Qb7 {[%clk 0:10:03]} 27... Re8 {[%clk 0:19:20]} 28.
Rf1 {[%clk 0:02:09]} 28... Qe5+ {[%clk 0:11:58]} 29. Kg2 {[%clk 0:02:15]} 29...
Rb8 {[%clk 0:07:51]} 30. Qd7 {[%clk 0:00:50]} 30... Rxb2+ {[%clk 0:08:17] } 31.
Rf2 {[%clk 0:00:55]} 31... Qe4+ {[%clk 0:07:54]} 32. Kg3 {[%clk 0:00:47]} 32...
Qe3+ {[%clk 0:07:32]} 33. Rf3 {[%clk 0:01:07]} 33... Qe1+ {[%clk 0:07:59] } 34.
Kf4 {[%clk 0:01:11]} 34... Re2 {[%clk 0:08:02]} 35. Qd8+ {[%clk 0:00:41]} 35...
Ng8 {[%clk 0:06:58]} 36. f6 {[%clk 0:00:46]} 36... Qd2+ {[%clk 0:07:22]} 37.
Kg3 {[%clk 0:00:38]} 37... Rg2+ {[%clk 0:07:47]} 0-1

[Event "DVM U16 2020"]
[Site "Willingen GER"]
[Date "2021.06.25"]
[Round "3"]
[White "Ellert, Oliver"]
[Black "Sell, Eero"]
[Result "0-1"]
[Termination "normal"]
[Board "5.3"]
[WhiteElo "1686"]
[BlackElo "1766"]
[WhiteClock "00:00:32"]
[BlackClock "00:00:47"]
[WhiteTeam "SV Empor Berlin e.V."]
[BlackTeam "SchVgg Blankenese von 1923 e.V."]
[PlyCount "77"]
[WhiteFideId "16246241"]
[BlackFideId "34606041"]
[EventCountry "GER"]
[EventRounds "7"]
[EventType "team-swiss"]
[EventDate "2021.06.23"]

1. d4 {[%clk 1:30:57]} 1... g6 {[%clk 1:30:55]} 2. Bf4 {[%clk 1:31:23]} 2...
Bg7 {[%clk 1:31:19]} 3. e3 {[%clk 1:31:43]} 3... c5 {[%clk 1:31:41]} 4. c3 {
[%clk 1:32:07]} 4... cxd4 {[%clk 1:31:21]} 5. exd4 {[%clk 1:32:26]} 5... Nf6 {
[%clk 1:31:34]} 6. Bd3 {[%clk 1:32:20]} 6... O-O {[%clk 1:30:54]} 7. Nf3 {
[%clk 1:32:37]} 7... d5 {[%clk 1:30:49]} 8. Nbd2 {[%clk 1:32:36]} 8... Nc6 {
[%clk 1:29:32]} 9. O-O {[%clk 1:31:39]} 9... Bg4 {[%clk 1:27:48]} 10. h3 {
[%clk 1:31:54]} 10... Bxf3 {[%clk 1:28:12]} 11. Qxf3 {[%clk 1:32:16]} 11... a6
{[%clk 1:27:06]} 12. Rfe1 {[%clk 1:31:13]} 12... b5 {[%clk 1:23:30]} 13. a3 {
[%clk 1:30:45]} 13... Qb6 {[%clk 1:20:20]} 14. Nb3 {[%clk 1:22:28]} 14... a5 {
[%clk 1:13:15]} 15. Rab1 {[%clk 1:18:40]} 15... b4 {[%clk 1:09:15]} 16. g4 {
[%clk 1:17:01]} 16... bxc3 {[%clk 0:51:35]} 17. bxc3 {[%clk 1:17:20]} 17... a4
{[%clk 0:44:28]} 18. Nc5 {[%clk 1:15:16]} 18... Qa5 {[%clk 0:38:29]} 19. Bb5 {
[%clk 1:14:32]} 19... Rac8 {[%clk 0:35:43]} 20. Ba6 {[%clk 0:20:02]} 20... Rcd8
{[%clk 0:32:36]} 21. Qg3 {[%clk 0:17:02]} 21... e5 {[%clk 0:29:46]} 22. Bd2 {
[%clk 0:11:27]} 22... Nxd4 {[%clk 0:27:24]} 23. cxd4 {[%clk 0:10:52]} 23...
Qxd2 {[%clk 0:27:38]} 24. dxe5 {[%clk 0:11:02]} 24... Nd7 {[%clk 0:21:51]} 25.
Nxd7 {[%clk 0:09:56]} 25... Rxd7 {[%clk 0:21:56]} 26. e6 {[%clk 0:10:17]} 26...
fxe6 {[%clk 0:17:36]} 27. Rxe6 {[%clk 0:10:13]} 27... Rdf7 {[%clk 0:14:19]} 28.
Re2 {[%clk 0:09:36]} 28... Qa5 {[%clk 0:10:44]} 29. Qd6 {[%clk 0:06:34]} 29...
Rf6 {[%clk 0:07:55]} 30. Re6 {[%clk 0:06:30]} 30... Rxf2 {[%clk 0:08:03]} 31.
Rb4 {[%clk 0:05:01]} 31... d4 {[%clk 0:01:47]} 32. Re7 {[%clk 0:04:13]} 32...
Qg5 {[%clk 0:01:09]} 33. Rb1 {[%clk 0:01:45]} 33... Qd2 {[%clk 0:00:40]} 34.
Bc4+ {[%clk 0:01:06]} 34... Kh8 {[%clk 0:00:53]} 35. Bd5 {[%clk 0:00:56]} 35...
Qd3 {[%clk 0:00:44]} 36. Ree1 {[%clk 0:00:51]} 36... Qxh3 {[%clk 0:00:46]} 37.
Red1 {[%clk 0:00:32]} 37... Qxg4+ {[%clk 0:00:47]} 38. Kh1 Qh5+ 39. Kg1 0-1

[Event "DVM U16 2020"]
[Site "Willingen GER"]
[Date "2021.06.25"]
[Round "3"]
[White "Tao, Alexander"]
[Black "Fricke, Janek Konrad"]
[Result "0-1"]
[Termination "normal"]
[Board "5.4"]
[WhiteElo "1631"]
[BlackElo "1574"]
[WhiteClock "00:16:23"]
[BlackClock "00:06:24"]
[WhiteTeam "SchVgg Blankenese von 1923 e.V."]
[BlackTeam "SV Empor Berlin e.V."]
[PlyCount "178"]
[WhiteFideId "34606033"]
[BlackFideId "12997471"]
[EventCountry "GER"]
[EventRounds "7"]
[EventType "team-swiss"]
[EventDate "2021.06.23"]

1. e4 {[%clk 1:30:56]} 1... c5 {[%clk 1:30:55]} 2. Nc3 {[%clk 1:30:52]} 2... d6
{[%clk 1:31:13]} 3. f4 {[%clk 1:30:53]} 3... Nf6 {[%clk 1:30:42]} 4. Nf3 {
[%clk 1:31:08]} 4... e6 {[%clk 1:30:16]} 5. Bb5+ {[%clk 1:31:29]} 5... Nc6 {
[%clk 1:29:41]} 6. Bxc6+ {[%clk 1:31:50]} 6... bxc6 {[%clk 1:30:01]} 7. d3 {
[%clk 1:32:07]} 7... Be7 {[%clk 1:29:29]} 8. O-O {[%clk 1:32:26]} 8... O-O {
[%clk 1:29:25]} 9. Qe1 {[%clk 1:31:41]} 9... Qc7 {[%clk 1:26:09]} 10. e5 {
[%clk 1:27:39]} 10... Nd5 {[%clk 1:23:54]} 11. exd6 {[%clk 1:27:36]} 11... Bxd6
{[%clk 1:23:37]} 12. Ne5 {[%clk 1:27:04]} 12... f6 {[%clk 1:20:42]} 13. Nc4 {
[%clk 1:24:09]} 13... Bxf4 {[%clk 1:17:51]} 14. Bxf4 {[%clk 1:23:31]} 14...
Nxf4 {[%clk 1:18:11]} 15. Qf2 {[%clk 1:22:35]} 15... e5 {[%clk 1:13:39]} 16.
Qxc5 {[%clk 1:20:49]} 16... Ne6 {[%clk 1:11:28]} 17. Qf2 {[%clk 1:18:45]} 17...
Nd4 {[%clk 1:07:24]} 18. Rac1 {[%clk 1:09:57]} 18... Be6 {[%clk 1:03:44]} 19.
Nd2 {[%clk 0:58:12]} 19... Qb6 {[%clk 0:56:49]} 20. b3 {[%clk 0:55:35]} 20...
Qa5 {[%clk 0:49:48]} 21. Na4 {[%clk 0:55:46]} 21... Rfd8 {[%clk 0:42:39]} 22.
Ne4 {[%clk 0:54:55]} 22... Bf7 {[%clk 0:27:53]} 23. Kh1 {[%clk 0:50:56]} 23...
Ne6 {[%clk 0:26:04]} 24. Qg3 {[%clk 0:44:56]} 24... Bg6 {[%clk 0:24:06]} 25.
Qe1 {[%clk 0:36:47]} 25... Qc7 {[%clk 0:19:27]} 26. Nac5 {[%clk 0:33:16]} 26...
Nxc5 {[%clk 0:17:27]} 27. Nxc5 {[%clk 0:33:39]} 27... Qe7 {[%clk 0:17:28]} 28.
Qc3 {[%clk 0:31:22]} 28... Rd5 {[%clk 0:15:17]} 29. Na4 {[%clk 0:31:17]} 29...
Qd6 {[%clk 0:12:21]} 30. Qc4 {[%clk 0:30:02]} 30... Bf7 {[%clk 0:12:15]} 31.
Qa6 {[%clk 0:29:47]} 31... Qc7 {[%clk 0:11:07]} 32. Qc4 {[%clk 0:28:50]} 32...
Rd4 {[%clk 0:10:32]} 33. Qc3 {[%clk 0:28:44]} 33... Rh4 {[%clk 0:10:13]} 34.
Qe1 {[%clk 0:28:30]} 34... Rd4 {[%clk 0:10:30]} 35. Qg3 {[%clk 0:27:37]} 35...
Bg6 {[%clk 0:09:50]} 36. Rce1 {[%clk 0:27:39]} 36... Qd7 {[%clk 0:09:16]} 37.
Nc5 {[%clk 0:26:08]} 37... Qe7 {[%clk 0:08:42]} 38. Na4 {[%clk 0:23:56]} 38...
Re8 {[%clk 0:08:19]} 39. Qe3 {[%clk 0:23:46]} 39... Qd6 {[%clk 0:07:17]} 40.
Nc3 {[%clk 0:17:29]} 40... a6 {[%clk 0:00:50]} 41. Ne2 {[%clk 0:16:16]} 41...
Rb4 {[%clk 0:26:12]} 42. Ng3 {[%clk 0:39:04]} 42... Qd5 {[%clk 0:22:41]} 43.
Qa7 {[%clk 0:36:31]} 43... Rbb8 {[%clk 0:18:10]} 44. a4 {[%clk 0:36:12]} 44...
Ra8 {[%clk 0:18:08]} 45. Qb7 {[%clk 0:35:18]} 45... Reb8 {[%clk 0:17:38]} 46.
Qe7 {[%clk 0:34:59]} 46... c5 {[%clk 0:17:23]} 47. Ne4 {[%clk 0:34:45]} 47...
Bxe4 {[%clk 0:14:38]} 48. dxe4 {[%clk 0:34:32]} 48... Qc6 {[%clk 0:14:51]} 49.
Rd1 {[%clk 0:34:23]} 49... Re8 {[%clk 0:12:49]} 50. Qd6 {[%clk 0:30:44]} 50...
Qxe4 {[%clk 0:12:51]} 51. Qd5+ {[%clk 0:28:59]} 51... Qxd5 {[%clk 0:13:09]} 52.
Rxd5 {[%clk 0:29:25]} 52... c4 {[%clk 0:12:20]} 53. bxc4 {[%clk 0:29:42]} 53...
Rac8 {[%clk 0:12:42]} 54. c5 {[%clk 0:29:37]} 54... e4 {[%clk 0:13:04]} 55. g3
{[%clk 0:28:27]} 55... Kf7 {[%clk 0:12:31]} 56. Kg2 {[%clk 0:28:32]} 56... g6 {
[%clk 0:12:47]} 57. Kf2 {[%clk 0:28:22]} 57... f5 {[%clk 0:12:41]} 58. Ke3 {
[%clk 0:28:32]} 58... Ke6 {[%clk 0:12:47]} 59. Rfd1 {[%clk 0:28:06]} 59... Kf6
{[%clk 0:11:59]} 60. h4 {[%clk 0:28:16]} 60... Rc6 {[%clk 0:11:40]} 61. Rd6+ {
[%clk 0:27:03]} 61... Re6 {[%clk 0:11:55]} 62. R6d5 {[%clk 0:26:26]} 62... h6 {
[%clk 0:11:27]} 63. c4 {[%clk 0:24:12]} 63... g5 {[%clk 0:10:06]} 64. hxg5+ {
[%clk 0:24:23]} 64... hxg5 {[%clk 0:09:56]} 65. Rf1 {[%clk 0:24:27]} 65... Re5
{[%clk 0:09:56]} 66. Rfd1 {[%clk 0:23:09]} 66... Rxc5 {[%clk 0:09:57]} 67. Rd6+
{[%clk 0:22:07]} 67... Re6 {[%clk 0:10:14]} 68. R6d4 {[%clk 0:20:42]} 68... Ra5
{[%clk 0:09:51]} 69. Rd5 {[%clk 0:17:42]} 69... Rxa4 {[%clk 0:09:30]} 70. c5 {
[%clk 0:18:03]} 70... Rc4 {[%clk 0:09:18]} 71. Rf1 {[%clk 0:17:48]} 71... Re5 {
[%clk 0:07:59]} 72. Rd6+ {[%clk 0:17:53]} 72... Ke7 {[%clk 0:08:01]} 73. Rxa6 {
[%clk 0:18:03]} 73... Rexc5 {[%clk 0:08:13]} 74. Rh1 {[%clk 0:17:53]} 74... Rc6
{[%clk 0:08:07]} 75. Rh7+ {[%clk 0:17:10]} 75... Ke6 {[%clk 0:08:16]} 76. Ra5 {
[%clk 0:16:17]} 76... Rc3+ {[%clk 0:07:39]} 77. Kf2 {[%clk 0:16:30]} 77... R3c5
{[%clk 0:07:10]} 78. Raa7 {[%clk 0:16:23]} 78... Rc2+ {[%clk 0:06:24]} 79. Kf1
Rc1+ 80. Kf2 R6c2+ 81. Ke3 Re1+ 82. Kd4 Rd2+ 83. Kc5 Rc2+ 84. Kb4 Rb1+ 85. Ka3
Ra1+ 86. Kb3 Rxa7 87. Rh6+ Kd5 88. Kxc2 Rd7 89. Rh5 g4 0-1

[Event "DVM U16 2020"]
[Site "Willingen GER"]
[Date "2021.06.25"]
[Round "3"]
[White "Nguyen, Alex Dac-Vuong"]
[Black "Farokhi, Keyvan"]
[Result "0-1"]
[Termination "normal"]
[Board "6.1"]
[WhiteTitle "FM"]
[WhiteElo "2307"]
[BlackElo "2059"]
[WhiteClock "00:25:40"]
[BlackClock "00:17:04"]
[WhiteTeam "Schachgemeinschaft Leipzig"]
[BlackTeam "SK Doppelbauer Kiel"]
[PlyCount "70"]
[WhiteFideId "12984388"]
[BlackFideId "12998630"]
[EventCountry "GER"]
[EventRounds "7"]
[EventType "team-swiss"]
[EventDate "2021.06.23"]

1. Nf3 {[%clk 1:30:57]} 1... Nf6 {[%clk 1:30:45]} 2. c4 {[%clk 1:31:21]} 2...
e6 {[%clk 1:30:32]} 3. g3 {[%clk 1:31:43]} 3... d5 {[%clk 1:30:50]} 4. d4 {
[%clk 1:31:10]} 4... Bb4+ {[%clk 1:30:56]} 5. Bd2 {[%clk 1:31:18]} 5... Be7 {
[%clk 1:30:49]} 6. Bg2 {[%clk 1:30:23]} 6... O-O {[%clk 1:30:52]} 7. O-O {
[%clk 1:30:23]} 7... dxc4 {[%clk 1:30:24]} 8. Qc2 {[%clk 1:29:41]} 8... a6 {
[%clk 1:29:58]} 9. Qxc4 {[%clk 1:29:51]} 9... b5 {[%clk 1:30:16]} 10. Qc2 {
[%clk 1:28:59]} 10... Bb7 {[%clk 1:29:48]} 11. Rc1 {[%clk 1:28:37]} 11... Bd6 {
[%clk 1:26:09]} 12. Bf4 {[%clk 1:23:26]} 12... Bxf4 {[%clk 1:05:51]} 13. gxf4 {
[%clk 1:23:40]} 13... Nbd7 {[%clk 1:04:23]} 14. Nbd2 {[%clk 1:23:52]} 14... Rc8
{[%clk 1:02:41]} 15. Nb3 {[%clk 1:08:59]} 15... Be4 {[%clk 0:58:06]} 16. Qd1 {
[%clk 1:03:56]} 16... Qe7 {[%clk 0:55:07]} 17. Qe1 {[%clk 0:57:02]} 17... c5 {
[%clk 0:51:49]} 18. dxc5 {[%clk 0:57:15]} 18... Nxc5 {[%clk 0:52:06]} 19. Qb4 {
[%clk 0:53:38]} 19... Nd5 {[%clk 0:51:05]} 20. Qd4 {[%clk 0:53:52]} 20... Nxf4
{[%clk 0:47:09]} 21. Qe3 {[%clk 0:48:09]} 21... Nxg2 {[%clk 0:46:37]} 22. Kxg2
{[%clk 0:48:33]} 22... Bxf3+ {[%clk 0:45:19]} 23. exf3 {[%clk 0:46:25]} 23...
Na4 {[%clk 0:42:29]} 24. Kh1 {[%clk 0:37:59]} 24... Nxb2 {[%clk 0:37:57]} 25.
Rg1 {[%clk 0:38:11]} 25... Nc4 {[%clk 0:37:00]} 26. Qh6 {[%clk 0:36:15]} 26...
g6 {[%clk 0:36:52]} 27. Rae1 {[%clk 0:34:20]} 27... Qf6 {[%clk 0:35:44]} 28.
Rg3 {[%clk 0:34:19]} 28... Nd6 {[%clk 0:34:01]} 29. Rh3 {[%clk 0:33:34]} 29...
Qg7 {[%clk 0:34:20]} 30. Qf4 {[%clk 0:30:34]} 30... Nf5 {[%clk 0:34:15]} 31.
Nd2 {[%clk 0:30:46]} 31... Qd4 {[%clk 0:23:02]} 32. Ne4 {[%clk 0:30:37]} 32...
Rc2 {[%clk 0:22:24]} 33. Rg1 {[%clk 0:26:20]} 33... Rxa2 {[%clk 0:19:09]} 34.
Qg5 {[%clk 0:25:14]} 34... f6 {[%clk 0:17:31]} 35. Qg4 {[%clk 0:25:40]} 35...
Ra1 {[%clk 0:17:04]} 0-1

[Event "DVM U16 2020"]
[Site "Willingen GER"]
[Date "2021.06.25"]
[Round "3"]
[White "Rempe, Jonas"]
[Black "Haufe, Laurin"]
[Result "0-1"]
[Termination "normal"]
[Board "6.2"]
[WhiteElo "1957"]
[BlackElo "2052"]
[WhiteClock "00:18:44"]
[BlackClock "00:45:29"]
[WhiteTeam "SK Doppelbauer Kiel"]
[BlackTeam "Schachgemeinschaft Leipzig"]
[PlyCount "76"]
[WhiteFideId "16202406"]
[BlackFideId "12976504"]
[EventCountry "GER"]
[EventRounds "7"]
[EventType "team-swiss"]
[EventDate "2021.06.23"]

1. e4 {[%clk 1:30:43]} 1... c6 {[%clk 1:30:46]} 2. d4 {[%clk 1:31:09]} 2... d5
{[%clk 1:31:12]} 3. Nd2 {[%clk 1:31:33]} 3... dxe4 {[%clk 1:31:38]} 4. Nxe4 {
[%clk 1:31:52]} 4... Bf5 {[%clk 1:32:04]} 5. Ng3 {[%clk 1:32:15]} 5... Bg6 {
[%clk 1:32:31]} 6. h4 {[%clk 1:32:39]} 6... h6 {[%clk 1:32:57]} 7. Nf3 { [%clk
1:33:06]} 7... Nd7 {[%clk 1:33:23]} 8. h5 {[%clk 1:33:30]} 8... Bh7 { [%clk
1:33:51]} 9. Bd3 {[%clk 1:33:54]} 9... Bxd3 {[%clk 1:34:18]} 10. Qxd3 { [%clk
1:34:16]} 10... e6 {[%clk 1:34:46]} 11. Bd2 {[%clk 1:34:26]} 11... Ngf6 { [%clk
1:35:10]} 12. O-O-O {[%clk 1:34:44]} 12... Be7 {[%clk 1:35:36]} 13. Ne4 { [%clk
1:35:09]} 13... Nxe4 {[%clk 1:35:58]} 14. Qxe4 {[%clk 1:35:35]} 14... Nf6
{[%clk 1:36:23]} 15. Qe2 {[%clk 1:35:58]} 15... O-O {[%clk 1:36:23]} 16. g4 {
[%clk 1:35:51]} 16... Qd5 {[%clk 1:35:45]} 17. Kb1 {[%clk 1:29:23]} 17... Qe4 {
[%clk 1:34:30]} 18. Qxe4 {[%clk 1:28:04]} 18... Nxe4 {[%clk 1:34:54]} 19. Be3 {
[%clk 1:28:31]} 19... f5 {[%clk 1:25:30]} 20. gxf5 {[%clk 1:17:56]} 20... Rxf5
{[%clk 1:17:44]} 21. Ne5 {[%clk 1:16:59]} 21... Nxf2 {[%clk 1:16:45]} 22. Bxf2
{[%clk 1:17:26]} 22... Rxf2 {[%clk 1:17:08]} 23. Rhg1 {[%clk 1:17:26]} 23...
Rf5 {[%clk 1:14:06]} 24. Rde1 {[%clk 1:13:55]} 24... Rxh5 {[%clk 1:09:10]} 25.
Ng4 {[%clk 0:52:42]} 25... Bh4 {[%clk 1:01:24]} 26. Rxe6 {[%clk 0:45:30]} 26...
Rg5 {[%clk 1:01:35]} 27. Re5 {[%clk 0:39:07]} 27... Rxe5 {[%clk 0:55:04]} 28.
dxe5 {[%clk 0:37:14]} 28... Bg5 {[%clk 0:54:58]} 29. Nh2 {[%clk 0:31:51]} 29...
Bf4 {[%clk 0:53:00]} 30. Ng4 {[%clk 0:29:17]} 30... Bg5 {[%clk 0:49:56]} 31.
Nh2 {[%clk 0:29:39]} 31... Re8 {[%clk 0:50:17]} 32. Nf3 {[%clk 0:29:35]} 32...
Bf4 {[%clk 0:50:23]} 33. Rd1 {[%clk 0:27:44]} 33... Kf7 {[%clk 0:49:53]} 34. c3
{[%clk 0:28:05]} 34... Re7 {[%clk 0:49:18]} 35. Rf1 {[%clk 0:25:14]} 35... g5 {
[%clk 0:49:21]} 36. Rh1 {[%clk 0:25:25]} 36... Kg6 {[%clk 0:49:19]} 37. Re1 {
[%clk 0:23:14]} 37... g4 {[%clk 0:45:25]} 38. Re4 {[%clk 0:18:44]} 38... Kf5 {
[%clk 0:45:29]} 0-1

[Event "DVM U16 2020"]
[Site "Willingen GER"]
[Date "2021.06.25"]
[Round "3"]
[White "Schäfer, Konstantin"]
[Black "Steinbach, Julian"]
[Result "1-0"]
[Termination "normal"]
[Board "6.3"]
[WhiteElo "1754"]
[BlackElo "1704"]
[WhiteClock "00:12:28"]
[BlackClock "00:28:55"]
[WhiteTeam "Schachgemeinschaft Leipzig"]
[BlackTeam "SK Doppelbauer Kiel"]
[PlyCount "63"]
[WhiteFideId "16240510"]
[BlackFideId "16247973"]
[EventCountry "GER"]
[EventRounds "7"]
[EventType "team-swiss"]
[EventDate "2021.06.23"]

1. e4 {[%clk 1:30:57]} 1... d6 {[%clk 1:30:38]} 2. d4 {[%clk 1:31:23]} 2... Nf6
{[%clk 1:30:58]} 3. Nc3 {[%clk 1:31:49]} 3... e5 {[%clk 1:31:13]} 4. Bc4 {
[%clk 1:31:12]} 4... exd4 {[%clk 1:31:09]} 5. Qxd4 {[%clk 1:31:10]} 5... Be7 {
[%clk 1:30:22]} 6. f4 {[%clk 1:19:39]} 6... O-O {[%clk 1:29:29]} 7. Nf3 { [%clk
1:19:15]} 7... Nc6 {[%clk 1:28:40]} 8. Qd3 {[%clk 1:13:51]} 8... Nb4 { [%clk
1:15:50]} 9. Qe2 {[%clk 1:13:28]} 9... d5 {[%clk 1:12:32]} 10. Bd3 { [%clk
0:56:46]} 10... dxe4 {[%clk 1:07:28]} 11. Nxe4 {[%clk 0:49:22]} 11... Nxd3+
{[%clk 1:03:00]} 12. cxd3 {[%clk 0:49:20]} 12... Bg4 {[%clk 0:55:46]} 13. O-O
{[%clk 0:45:12]} 13... c6 {[%clk 0:52:28]} 14. Qc2 {[%clk 0:35:59]} 14... Bxf3
{[%clk 0:50:42]} 15. Rxf3 {[%clk 0:36:19]} 15... Nd5 {[%clk 0:49:40]} 16. Kh1
{[%clk 0:33:21]} 16... Qd7 {[%clk 0:47:40]} 17. Bd2 {[%clk 0:28:45]} 17... Rad8
{[%clk 0:44:42]} 18. Bc3 {[%clk 0:20:46]} 18... f5 {[%clk 0:41:28]} 19. Nd2
{[%clk 0:19:45]} 19... Bf6 {[%clk 0:39:39]} 20. Nc4 {[%clk 0:17:38]} 20... Nxc3
{[%clk 0:36:01]} 21. bxc3 {[%clk 0:18:00]} 21... c5 {[%clk 0:35:40]} 22. Re1
{[%clk 0:15:59]} 22... Rfe8 {[%clk 0:35:06]} 23. Rfe3 {[%clk 0:15:22]} 23...
Rxe3 {[%clk 0:34:05]} 24. Rxe3 {[%clk 0:14:06]} 24... Re8 {[%clk 0:34:11] } 25.
Ne5 {[%clk 0:11:52]} 25... Qb5 {[%clk 0:31:03]} 26. a4 {[%clk 0:11:48]} 26...
Qb6 {[%clk 0:30:46]} 27. Qa2+ {[%clk 0:12:10]} 27... c4 {[%clk 0:28:29]} 28.
Nxc4 {[%clk 0:11:15]} 28... Rxe3 {[%clk 0:28:23]} 29. Ne5+ {[%clk 0:11:37]}
29... Kh8 {[%clk 0:28:02]} 30. Nf7+ {[%clk 0:12:02]} 30... Kg8 {[%clk 0:28:26]}
31. Nh6+ {[%clk 0:12:28]} 31... Kf8 {[%clk 0:28:55]} 32. Qf7# 1-0

[Event "DVM U16 2020"]
[Site "Willingen GER"]
[Date "2021.06.25"]
[Round "3"]
[White "Hassemeier, Mika"]
[Black "Yi, Danny"]
[Result "1/2-1/2"]
[Termination "normal"]
[Board "7.1"]
[BlackTitle "FM"]
[WhiteElo "2072"]
[BlackElo "2253"]
[WhiteClock "00:05:17"]
[BlackClock "00:02:41"]
[WhiteTeam "FVS ASP Hoyerswerda"]
[BlackTeam "SF 59 Kornwestheim"]
[PlyCount "70"]
[WhiteFideId "12994880"]
[BlackFideId "12988588"]
[EventCountry "GER"]
[EventRounds "7"]
[EventType "team-swiss"]
[EventDate "2021.06.23"]

1. e4 {[%clk 1:30:58]} 1... e5 {[%clk 1:30:47]} 2. Nf3 {[%clk 1:31:17]} 2...
Nc6 {[%clk 1:31:10]} 3. d4 {[%clk 1:31:38]} 3... exd4 {[%clk 1:30:45]} 4. Nxd4
{[%clk 1:32:00]} 4... Bc5 {[%clk 1:30:03]} 5. Nf5 {[%clk 1:32:15]} 5... Qf6 {
[%clk 1:10:57]} 6. Nc3 {[%clk 1:32:25]} 6... Nge7 {[%clk 1:09:26]} 7. Ne3 {
[%clk 1:32:35]} 7... d6 {[%clk 1:06:00]} 8. Be2 {[%clk 1:31:26]} 8... O-O {
[%clk 0:56:23]} 9. O-O {[%clk 1:31:44]} 9... a6 {[%clk 0:54:53]} 10. Kh1 {
[%clk 1:26:58]} 10... Bd4 {[%clk 0:37:18]} 11. Ned5 {[%clk 1:11:27]} 11... Nxd5
{[%clk 0:34:59]} 12. Nxd5 {[%clk 1:11:05]} 12... Qd8 {[%clk 0:34:40]} 13. c3 {
[%clk 1:08:15]} 13... Ba7 {[%clk 0:33:07]} 14. Be3 {[%clk 0:56:32]} 14... Bb8 {
[%clk 0:22:19]} 15. Bg4 {[%clk 0:49:51]} 15... Re8 {[%clk 0:17:01]} 16. Bxc8 {
[%clk 0:47:39]} 16... Qxc8 {[%clk 0:17:25]} 17. Qf3 {[%clk 0:40:17]} 17... Ba7
{[%clk 0:15:39]} 18. Bxa7 {[%clk 0:34:14]} 18... Rxa7 {[%clk 0:15:32]} 19. Qg3
{[%clk 0:33:29]} 19... Kh8 {[%clk 0:15:00]} 20. Rae1 {[%clk 0:32:52]} 20... Ne7
{[%clk 0:12:57]} 21. Re3 {[%clk 0:26:23]} 21... Nxd5 {[%clk 0:08:34]} 22. exd5
{[%clk 0:26:40]} 22... Ra8 {[%clk 0:08:59]} 23. Rfe1 {[%clk 0:26:26]} 23... Qd7
{[%clk 0:08:35]} 24. Qg5 {[%clk 0:22:36]} 24... h6 {[%clk 0:07:36]} 25. Qf4 {
[%clk 0:20:38]} 25... Kg8 {[%clk 0:07:53]} 26. b3 {[%clk 0:16:33]} 26... Kf8 {
[%clk 0:07:33]} 27. h3 {[%clk 0:11:03]} 27... Rxe3 {[%clk 0:06:37]} 28. Rxe3 {
[%clk 0:10:58]} 28... Re8 {[%clk 0:06:38]} 29. c4 {[%clk 0:09:29]} 29... Rxe3 {
[%clk 0:04:02]} 30. fxe3 {[%clk 0:08:55]} 30... Qe8 {[%clk 0:03:37]} 31. Qf5 {
[%clk 0:06:05]} 31... Qxe3 {[%clk 0:01:41]} 32. Qc8+ {[%clk 0:06:12]} 32... Qe8
{[%clk 0:02:02]} 33. Qxb7 {[%clk 0:04:52]} 33... Qe1+ {[%clk 0:02:16]} 34. Kh2
{[%clk 0:05:16]} 34... Qe5+ {[%clk 0:02:26]} 35. Kh1 {[%clk 0:05:17]} 35...
Qe1+ {[%clk 0:02:41]} 1/2-1/2